Statistics for Every 90+ Rated Gold Player on EA Sports FIFA 21 Ultimate Team

Click here to take the quiz!

General Stats

  • This quiz has been taken 70 times
  • The average score is 11 of 12

Answer Stats

FIFAPlayerClubPositionRating% Correct
FIFA 21Cristiano RonaldoST92
100%
FIFA 21Kylian MbappéST90
100%
FIFA 21Lionel MessiRW93
100%
FIFA 21Neymar JúniorLW91
97%
FIFA 21Robert LewandowskiST91
97%
FIFA 21Marc-André ter StegenGK90
91%
FIFA 21Kevin De BruyneCAM91
88%
FIFA 21Mohamed SalahRW90
80%
FIFA 21Virgil van DijkCB90
80%
FIFA 21Alisson BeckerGK90
77%
FIFA 21Sadio ManéLW90
77%
FIFA 21Jan OblakGK91
75%

Score Distribution

Percentile by Number Answered

Percent of People with Each Score

Your Score History

You have not taken this quiz